[Event "GER-chT U16"]
[Site "Kiel"]
[Date "2022.07.24"]
[Round "4.10"]
[White "Haubold, Henry"]
[Black "Eichhorn, Josephine"]
[Result "0-1"]
[WhiteElo "963"]
[BlackElo "1337"]
[PlyCount "90"]
[EventDate "2022.07.22"]
[EventType "team-swiss"]
[EventRounds "7"]
[EventCountry "GER"]
[SourceTitle "CBM 209 Extra"]
[Source "ChessBase"]
[SourceDate "2022.09.30"]
[SourceVersion "1"]
[SourceVersionDate "2022.09.30"]
[SourceQuality "1"]
[WhiteTeam "Niederwiesa"]
[BlackTeam "Schott Jena"]
[WhiteTeamCountry "GER"]
[BlackTeamCountry "GER"]

1. c4 e5 2. Nc3 Nf6 3. Nf3 d6 4. g3 Be7 5. Bg2 c6 6. e4 Bg4 7. d3 0-0 8. Be3 d5 9. cxd5 cxd5 10. exd5 Nxd5 11. Nxd5 Qxd5 12. Qc2 Bxf3 13. Bxf3 Qxf3 14. 0-0 Nc6 15. Rad1 Rac8 16. Qa4 Kh8 17. Rfe1 Bf6 18. a3 Rfd8 19. Qc4 Rd7 20. Rd2 Rdc7 21. Qe4 Qxe4 22. dxe4 Nd4 23. Bxd4 exd4 24. f3 g6 25. f4 Be7 26. Kf2 Rc2 27. Ree2 d3 28. Rxd3 Rxe2+ 29. Kxe2 Rc2+ 30. Rd2 Rxd2+ 31. Kxd2 Kg7 32. e5 f6 33. Kd3 a5 34. a4 fxe5 35. fxe5 Kf7 36. Kd4 Ke6 37. h3 g5 38. b3 b6 39. Ke4 Bc5 40. g4 h6 41. Kf3 Kxe5 42. Kg3 Kd4 43. h4 gxh4+ 44. Kxh4 Kc3 45. Kh5 Be3 0-1

[Event "ARG-chB ADAG"]
[Site "Gualeguaychu"]
[Date "2019.09.14"]
[Round "4.5"]
[White "Carrazza, Tadeo"]
[Black "Eichhorn, Josephine"]
[Result "0-1"]
[WhiteElo "1205"]
[BlackElo "1379"]
[PlyCount "52"]
[EventDate "2019.09.05"]
[EventType "swiss"]
[EventRounds "6"]
[EventCountry "ARG"]
[SourceTitle "EXT 2024"]
[Source "ChessBase"]
[SourceDate "2023.10.10"]
[SourceVersion "1"]
[SourceVersionDate "2023.10.10"]
[SourceQuality "1"]

1. e4 c5 2. Nf3 Nc6 3. d4 cxd4 4. Nxd4 Nf6 5. Nxc6 bxc6 6. e5 Qa5+ 7. Bd2 Qxe5+ 8. Be2 Ba6 9. Nc3 Bxe2 10. Nxe2 e6 11. 0-0 Qc7 12. Bf4 Bd6 13. Bxd6 Qb7 14. Be5 d5 15. Bxf6 gxf6 16. Nd4 c5 17. Nf3 Ke7 18. c4 d4 19. Qa4 Rhb8 20. Qb5 Qxb5 21. cxb5 Rxb5 22. Rac1 Rc8 23. Rc4 Rxb2 24. Rfc1 e5 25. Rxc5 Rxc5 26. Rxc5 Rb1+ 0-1

[Event "ARG-chB ADAG"]
[Site "Gualeguaychu"]
[Date "2019.09.07"]
[Round "2.5"]
[White "Eichhorn, Josephine"]
[Black "Nunez, Jesus1111"]
[Result "1-0"]
[WhiteElo "1379"]
[BlackElo "1061"]
[PlyCount "60"]
[EventDate "2019.09.05"]
[EventType "swiss"]
[EventRounds "6"]
[EventCountry "ARG"]
[SourceTitle "EXT 2024"]
[Source "ChessBase"]
[SourceDate "2023.10.10"]
[SourceVersion "1"]
[SourceVersionDate "2023.10.10"]
[SourceQuality "1"]

1. d4 d5 2. e3 h6 3. Bd3 Nf6 4. Nd2 a6 5. f4 Nc6 6. Ngf3 Bg4 7. 0-0 Nb4 8. Qe2 g5 9. h3 Nxd3 10. cxd3 Bh5 11. g4 Nxg4 12. hxg4 Bxg4 13. Qg2 Qd7 14. Ne5 Bh3 15. Nxd7 Bxg2 16. Kxg2 Kxd7 17. Nf3 g4 18. Nh4 e6 19. Kg3 Be7 20. Rh1 Rag8 21. Bd2 Bd6 22. a3 Rg5 23. Bb4 Rh5 24. Bxd6 Kxd6 25. Rae1 c6 26. Nf5+ Rxf5 27. e4 Rf6 28. e5+ Ke7 29. exf6+ Kxf6 30. Re5 h5 1-0